000 00693nam a2200277Ia 4500
003 OSt
005 20220912151854.0
006 a|||||r|||| 00| 0
007 ta
008 220909b |||||||| |||| 00| 0 eng d
024 _a43383
037 _cTextual
040 _aCSL
_beng
_cCSL
041 _aeng
082 _aE9G:83, K4;L6
100 _aMorris C J O R
245 0 _aSeparation methods in biochemistry
250 _a2
260 _aLondon
_bPitam
_c1976
300 _a1045p.
_ccm.
650 _a Biochemistry
650 _aChemistry
700 _a Morris P
942 _hE9G:83, K4;L6
_cTEXL
_2CC
999 _c76570
_d76570